Statystyki dla Ekstraklasa 21/22

Kliknij tutaj aby rozwiązać quiz!

Ogólne statystyki

  • Ten quiz został rozwiązany 1 269 razy
  • Średni wynik to 15 z 18

Statystyki odpowiedzi

Klub% Poprawnych
Lech Poznań
99%
Legia Warszawa
99%
Wisła Kraków
94%
Lechia Gdańsk
92%
Pogoń Szczecin
90%
Cracovia
88%
Raków Częstochowa
88%
Górnik Zabrze
86%
Śląsk Wrocław
86%
Jagiellonia Białystok
84%
Wisła Płock
83%
Warta Poznań
82%
Radomiak Radom
78%
Piast Gliwice
77%
Termalica
77%
Zagłębie Lubin
77%
Stal Mielec
76%
Górnik Łęczna
75%

Rozkład punktacji

Percentyl według liczby udzielonych odpowiedzi

Procent ludzi z każdym wynikiem

Twoja historia wyników

Nie rozwiązałeś tego quizu